Planète Brasília / (Record no. 8232)

MARC details
000 -LEADER
campo de control de longitud fija 00781cam a2200253 i 4500
001 - NÚMERO DE CONTROL
campo de control 109069
005 - FECHA Y HORA DE LA ÚLTIMA TRANSACCIÓN
campo de control 20230404125950.0
008 - DATOS DE LONGITUD FIJA--INFORMACIÓN GENERAL
campo de control de longitud fija 130325b2008 fr a 000 0 fre
020 ## - NÚMERO INTERNACIONAL ESTÁNDAR DEL LIBRO
Número Internacional Estándar del Libro 9782916132181
041 0# - CÓDIGO DE IDIOMA
Código de lengua del texto/banda sonora o título independiente fre
050 14 - SIGNATURA TOPOGRÁFICA DE LA BIBLIOTECA DEL CONGRESO
Número de clasificación 103 F 2647
Número de ítem L886p 2008
082 00 - NÚMERO DE LA CLASIFICACIÓN DECIMAL DEWEY
Número de clasificación 918.174 04
100 1# - ENTRADA PRINCIPAL--NOMBRE DE PERSONA
Nombre de persona Loude, Jean-Yves
245 10 - MENCIÓN DEL TÍTULO
Título Planète Brasília /
Mención de responsabilidad, etc. Jean-Yves Loude ; photographies de Viviane Lièvre.
260 ## - PUBLICACIÓN, DISTRIBUCIÓN, ETC.
Lugar de publicación, distribución, etc. Cambes :
Nombre del editor, distribuidor, etc. Tertium,
Fecha de publicación, distribución, etc. 2008
300 ## - DESCRIPCIÓN FÍSICA
Extensión 122 p.
440 #0 - MENCIÓN DE SERIE/PUNTO DE ACCESO ADICIONAL--TÍTULO
Título Pays d'encre, Littérature
651 #0 - PUNTO DE ACCESO ADICIONAL DE MATERIA--NOMBRE GEOGRÁFICO
Nombre geográfico Brasília (Brazil)
Subdivisión general Description and travel
651 #0 - PUNTO DE ACCESO ADICIONAL DE MATERIA--NOMBRE GEOGRÁFICO
Nombre geográfico Brasília (Distrito Federal, Brazil)
Subdivisión general Description and travel.
651 #4 - PUNTO DE ACCESO ADICIONAL DE MATERIA--NOMBRE GEOGRÁFICO
Nombre geográfico Brasilia (Brasil)
Subdivisión general Descripciones y viajes.
700 1# - ENTRADA AGREGADA--NOMBRE PERSONAL
Nombre de persona Lièvre, Viviane,
Fechas asociadas al nombre 1950-
942 ## - ELEMENTOS DE ENTRADA SECUNDARIOS (KOHA)
Fuente del sistema de clasificación o colocación Clasificación de Library of Congress
Tipo de ítem Koha
946 ## - PROCESAMIENTO DE INFORMACIÓN LOCAL (OCLC)
a YSL
Holdings
Estatus retirado Estado de pérdida Fuente del sistema de clasificación o colocación Estado de daño No para préstamo Colección Biblioteca de origen Biblioteca actual Ubicación en estantería Fecha de adquisición Serial enumeration / chronology Total checkouts Signatura topográfica completa Código de barras Visto por última vez Copia número Precio de reemplazo Tipo de ítem Koha
    Clasificación de Library of Congress     Recursos Regionales Biblioteca Juan Bosch Biblioteca Juan Bosch Recursos Regionales (2do. Piso) 04/04/2023 1   103 F 2647 L886p 2008 00000101898 23/10/2018 1 23/10/2018